000 00366nam a2200157Ia 4500
008 230711s9999||||xx |||||||||||||| ||und||
041 _aENG
082 _a6
_bAL-N
100 _aAllen,James
245 0 _aNatural language understanding
250 _a2nd Ed.
260 _c2005
_aNew Delhi
_bPearson
300 _a654
650 _aComputer Engineering
942 _cBK
999 _c4698
_d4698